000 00745nam a2200277Ia 4500
005 20260324114707.0
008 008 260324s9999 xx 000 0 eng d
020 _a9781003179849
037 _aEBOOK
040 _aCRL
040 _beng
040 _cCRL
041 _2eng
041 _aeng
084 _qCRL
100 _aAyodeji Emmanuel Oke; Seyi S. Stephen; Clinton Aigbavboa; Wellington Didibhuku Thwala
_91151787
245 0 _aSustainable Construction in the Era of the Fourth Industrial Revolution
260 _bTaylor and Francis
260 _c2021
365 _a
365 _b340
856 _uhttp://www.taylorfrancis.com/books/9781003179849
942 _cEBOOK
999 _c1742115
_d1742115